Statistics for Every Formula 1 Team with a Pole Position

Click here to take the quiz!

General Stats

  • This quiz has been taken 270 times
    (11 since last reset)
  • The average score is 21 of 36

Answer Stats

# of PolesTeam% Correct
249Ferrari
100%
156McLaren
91%
137Mercedes
91%
101Red Bull
91%
1Force India
82%
107Lotus
82%
1Racing Point
82%
51Renault
82%
1Toro Rosso
82%
128Williams
82%
12Alfa Romeo
73%
39Brabham
73%
5Brawn GP
73%
14Tyrrell
73%
7Vanwall
73%
1BMW Sauber
64%
11BRM
64%
1Haas
64%
15Benetton
55%
11Cooper
55%
2Honda
55%
2Jordan
55%
9Ligier
55%
4Matra
55%
1Stewart
55%
1Arrows
45%
2BAR
36%
5March
36%
2Lancia
27%
1Lola
27%
10Maserati
27%
1Porsche
27%
3Toyota
27%
1Wolf
27%
3Shadow
18%
1Toleman
18%

Score Distribution

Percentile by Number Answered

Percent of People with Each Score

Your Score History

You have not taken this quiz since the last reset